000 01681nam a2200241Ia 4500
008 260220t1956||||xx |||||||||||||| ||spa||
040 _aPY-SlUNAC
_bspa
_erda
041 _aspa
082 _a863
_bV768l
100 _aVincent, Adrian
_eAutor
245 0 _aEl largo camino de regreso /
_cpor Adrian Vincent [Autor]
264 _aBarcelona :
_bPlaza y Janés Editores,
_c℗1956.
300 _a1 volumen
520 _aEl largo camino de regreso, escrito por Adrian Vincent y publicado en 1956, narra la historia de un grupo de personajes que enfrentan diversas adversidades en un contexto de postguerra. A través de su relato, el autor explora temas como la pérdida, el sufrimiento y la búsqueda de redención, reflejando las cicatrices que deja un conflicto armado en la psique humana. La estructura narrativa se entrelaza con flashbacks que permiten al lector conocer la vida anterior de los protagonistas, lo que contrasta con sus actuales realidades marcadas por la desolación. La obra destaca por su prosa evocadora y su capacidad para transmitir emociones profundas, situando al lector en la complejidad de la experiencia humana frente a la guerra y sus secuelas. A medida que los personajes avanzan en su largo camino hacia la recuperación, se vislumbran momentos de esperanza, amor y reconciliación, sugiriendo que, a pesar del dolor, siempre hay un espacio para la reconstrucción personal y social.
653 _aLiteratura
653 _aLiteratura contemporánea
653 _aNarrativa
942 _b2026/02/17
_cBK
999 _c9323
_d9323